000 00565nam a2200229Ia 4500
003 OSt
005 20220918190738.0
006 a|||||r|||| 00| 0
007 ta
008 220917b |||||||| |||| 00| 0 eng d
024 _a59,275
037 _cTextual
040 _aARTS
_cARTS
_beng
041 _2eng
_aeng
082 _aQ2, G5
100 _aO'Malley L S S
_953795
245 0 _aPopular Hinduism
_b The religion of the Masses
260 _c1935
650 _aRELIGION
942 _hQ2, G5
_cTEXL
_2CC
999 _c186642
_d186642